000 00811aam a2200301 i 4500
001 768714001
003 CO-MdFUSB
005 20250522114159.0
007 ta
008 250522t2005 ch |||| |||| 00| 0 spa d
040 _cCO-MdFUSB
041 0 _aspa
082 0 4 _223
_a248.4
_bK217v
100 1 _aKaung, Stephen
_eautor
245 1 3 _aLa visión celestial
_c/ Stephen Kaung , Christian Chen
250 _aprimera edición
264 1 _bEdiciones Aguas vivas,
_aTemuco, Chile :
_c[2005]
264 4 _c©2005
300 _a219 páginas
336 _atexto
_btxt
_2rdacontent
337 _2rdamedia
_asin mediación
_bn
338 _2rdacarrier
_avolumen
_bnc
563 _aRústico
650 0 _aVida cristiana
_919
700 _aChen, Christian,
_911563
_eautor
942 _cBK
945 _aJTF-925
999 _c42939
_d42939